01621nam a2200313 a 450000100100000000500170001000800410002704000250006808200200009310000320011324500940014525000120023926000500025130000210030149000260032250001090034859000260045765000280048365000310051170000430054283000330058591000410061895201300065995201310078995201310092095201170105195201220116899900170129000001067120240412074220.0091009d1989 dr 000 0 spa d aDO-SdBNPbspacBNPHU aRD861.44bO12po1 aObjío, Nelson Eddy91242113aLa negra virtud... :bpoesías /cNelson Eddy Objío ; prólogo José Enrique Báez. a3a. ed. aSanto Domingo :bEditorial Valparaiso,c1989. a104 p. ;c21 cm.1 aProducciones Dimeyson aEdición especial con motivo del 113 aniversario de la muerte del padre de la patria, Juan Pablo Duarte aInventariado, 2018/LP 0aPoesía dominicana966 0aLiteratura dominicana.9671 aBáez, José Enriqueepról.925849 0aProducciones Dimeyson925850 aValidado. Control de calidad MMOLINA 001054708DSaGRbGRcHDd2009-10-09iLF1l0oRD861.44 O12p10671-40r2020-06-25te.4w2020-06-25yLFDSZPréstamo en sala 001054708DSaGRbGRcHDd2009-10-09iLF1l0oRD861.44 O12np10671-30r2020-06-25te.3w2020-06-25yLFDSZPréstamo en sala 001054708DSaGRbGRcHDd2009-10-09iLF1l0oRD861.44 O12np10671-50r2020-06-25te.5w2020-06-25yLFDSZPréstamo en sala 0010718PDaPDbPDcHDd2009-10-09iLF1l0oRD861.44 O12np10671-10r2020-06-25w2020-06-25yLFPDZNo se presta 0010718PDaPDbPDcHDd2009-10-09iLF1l0oRD861.44 O12np10671-20r2020-06-25te.2w2020-06-25yLFPDZNo se presta c10426d10426